| 000 | 00991nam a22002777a 4500 | ||
|---|---|---|---|
| 001 | 9262 | ||
| 003 | FISKH | ||
| 005 | 20251205161922.0 | ||
| 008 | 251205b cb ||||| |||| 00| 0 eng d | ||
| 020 | _a9780823989096 | ||
| 040 |
_aFISKH _beng _cFISKH _dFISKH |
||
| 050 | _aQL77.5 .C455 | ||
| 082 | _a510 | ||
| 100 | _aChilek, Laurie | ||
| 245 |
_aCounting at the zoo : _bLearning to add 1 to one-digit numbers / _cLaurie Chilek |
||
| 250 | _aThis edition published in 2010 | ||
| 260 |
_aNew York : _bRosen Classroom, _c2004 |
||
| 300 |
_a8 pages : _bcolor illustrations ; _c22 cm |
||
| 505 | _aC | ||
| 520 | _aNothing beats a day at the zoo--but it can also be an opportunity to learn some basic math concepts. This eBook uses annotated photographs and clear text to teach readers how to add one to many one-digit numbers.C | ||
| 521 | 8 |
_a60
_bLexile |
|
| 521 | 8 |
_aC
_bRaz-Plus |
|
| 650 |
_aAddition _vNon-fiction _xMath-Counting |
||
| 942 |
_2ddc _cBK _n0 |
||
| 999 |
_c9262 _d9262 |
||